|
|
|
|
| LEADER |
00000cam a2200000 7i4500 |
| 001 |
0000069407 |
| 005 |
20220105103903.0 |
| 008 |
170118 |
| 020 |
|
|
|a 9789675450945(SET)
|
| 020 |
|
|
|a 9789675450969
|
| 090 |
0 |
0 |
|a JP
|b MOR MAL
|
| 100 |
0 |
|
|a Ahmad Zaid Ismail
|
| 245 |
1 |
0 |
|a Aku ingin berubah
|c Ahmad Zaid Ismail
|
| 260 |
|
|
|a Kelantan :
|b Pustaka sukses ,
|c 2016
|
| 300 |
|
|
|a 24pg. :
|b 26 cm
|
| 490 |
0 |
|
|a Siri pengajaran positif
|
| 500 |
|
|
|a Children age 4-6 years old (yellow)
|
| 650 |
|
0 |
|a Children stories
|x Malay
|
| 650 |
|
0 |
|a Moral
|
| 999 |
|
|
|a 0001427732
|b Book
|c Children Collection
|e Cawangan Batu Pahat
|
| 999 |
|
|
|a 0001427733
|b Book
|c Children Collection
|e Cawangan Tangkak
|
| 999 |
|
|
|a 0001427734
|b Book
|c Children Collection
|e Cawangan Bandar Penawar
|
| 999 |
|
|
|a 0001427735
|b Book
|c Children Collection
|e Cawangan Mersing
|
| 999 |
|
|
|a 0001427736
|b Book
|c Children Collection
|e Cawangan Tmn. Ungku Tun Aminah
|
| 999 |
|
|
|a 0001427737
|b Book
|c Adult Collection
|e Cawangan Kota Tinggi
|
| 999 |
|
|
|a 0001427738
|b Book
|c Children Collection
|e Cawangan Bandar Tenggara
|
| 999 |
|
|
|a 0001427739
|b Book
|c Children Collection
|e Cawangan Segamat
|
| 999 |
|
|
|a 0001427740
|b Book
|c Children Collection
|e Cawangan Pontian
|
| 999 |
|
|
|a 0001427741
|b Book
|c Children Collection
|e Cawangan Bukit Gambir
|
| 999 |
|
|
|a 0001427742
|b Book
|c Children Collection
|e Cawangan Taman Sri Lambak
|
| 999 |
|
|
|a 0001427743
|b Book
|c Children Collection
|e Cawangan Taman Universiti
|
| 999 |
|
|
|a 0001427744
|b Book
|c Children Collection
|e Cawangan Sri Merlong
|
| 999 |
|
|
|a 0001428496
|b Book
|c Children Collection
|e Cawangan Urban Transformation Centre
|
| 999 |
|
|
|a 0001744685
|b Book
|c Children Collection
|e Cawangan Sri Merlong
|